|
|
|
|
| LEADER |
00000nab a2200000 a 4500 |
| 001 |
vtls008998140 |
| 003 |
SK-MaSNL |
| 005 |
20260303065833.0 |
| 008 |
070612c20070419xo dr n 000 00slo |
| 015 |
|
|
|a SNBRB2007/06SVKPO
|
| 038 |
|
|
|a SVKPOCL
|
| 040 |
|
|
|a SVKPOCL
|b slo
|c AACR2
|e AACR2
|
| 041 |
|
|
|a slo
|
| 044 |
|
|
|a xo
|c SK
|
| 080 |
|
|
|a 930
|2 2001
|
| 080 |
|
|
|a 92/94
|2 2001
|
| 080 |
|
|
|a 09(437.671.117.176):008
|2 2001
|
| 080 |
|
|
|a 008
|2 2001
|
| 080 |
|
|
|a (048)
|2 2001
|
| 100 |
1 |
|
|a Petruš, Andrej
|4 aut
|9 672594
|
| 245 |
1 |
0 |
|a Z minulosti a súčasnosti knižnej kultúry Prešova
|b sonda s bohatým žriedlom
|c Andrej Petruš
|
| 300 |
|
|
|a Fotogr.
|
| 500 |
|
|
|a Marcela Domenová je zostavovateľkou recenzovanej publikácie
|
| 600 |
1 |
7 |
|a Domenová, Marcela,
|d 1978-
|t Z minulosti a súčasnosti knižnej kultúry Prešova
|2 svkpocl
|9 1037203
|
| 650 |
0 |
7 |
|a knižná kultúra
|x zborníky
|2 svkpocl
|9 1066434
|
| 650 |
0 |
7 |
|a knižná kultúra
|x dejiny
|z Prešov (Slovensko)
|2 svkpocl
|9 1066435
|
| 651 |
|
7 |
|a Prešov (Slovensko)
|2 svkpocl
|9 17347
|
| 655 |
|
7 |
|a recenzie
|2 svkpocl
|9 21907
|
| 773 |
0 |
|
|t Prešovský večerník
|g Roč. XVIII, č. 4182 (19.4.2007), s. 6
|x 1336-4030
|
| 787 |
0 |
8 |
|i Rec.:
|a Domenová, Marcela, 1978-
|t Z minulosti a súčasnosti knižnej kultúry Prešova
|d Prešov : Štátna vedecká knižnica, 2007
|z 9788085734676
|
| 852 |
|
|
|a SVKPO
|b KIS3GCP
|
| 856 |
4 |
1 |
|u www.vecernik.po.sk
|
| 999 |
|
|
|c 1752937
|d 1754867
|